The moral foundations of politics (Record no. 845)

MARC details
000 -LEADER
fixed length control field 00804 a2200229 4500
008 - FIXED-LENGTH DATA ELEMENTS--GENERAL INFORMATION
fixed length control field 080821t xxu||||| |||| 00| 0 eng d
010 ## - LIBRARY OF CONGRESS CONTROL NUMBER
LC control number ENG-84992
020 ## - INTERNATIONAL STANDARD BOOK NUMBER
International Standard Book Number 8187879262
Terms of availability 250.00
035 ## - SYSTEM CONTROL NUMBER
System control number EN-68525
037 ## - SOURCE OF ACQUISITION
Source of stock number/acquisition D.B.Act / Pub
082 ## - DEWEY DECIMAL CLASSIFICATION NUMBER
Classification number 320
100 ## - MAIN ENTRY--PERSONAL NAME
Personal name Shapiro, Ian.
245 ## - TITLE STATEMENT
Title The moral foundations of politics
Statement of responsibility, etc by Ian Shapiro.
260 ## - PUBLICATION, DISTRIBUTION, ETC. (IMPRINT)
Place of publication, distribution, etc Delhi
Name of publisher, distributor, etc Aakar Books
Date of publication, distribution, etc 2004
300 ## - PHYSICAL DESCRIPTION
Extent xii, 289 p. ;
Dimensions 22 cm. (Pbk)
500 ## - GENERAL NOTE
General note Includes bibliographical references and index
650 ## - SUBJECT ADDED ENTRY--TOPICAL TERM
Topical term or geographic name as entry element Political ethics.
650 ## - SUBJECT ADDED ENTRY--TOPICAL TERM
Topical term or geographic name as entry element Political science
General subdivision Philosophy.
650 ## - SUBJECT ADDED ENTRY--TOPICAL TERM
Topical term or geographic name as entry element Legitimacy of governments.
942 ## - ADDED ENTRY ELEMENTS (KOHA)
Institution code [OBSOLETE] dpl
Koha item type English Books
Call number prefix 320 / SHA
Source of classification or shelving scheme Dewey Decimal Classification
Classification part 320 /
Call number suffix SHA
Holdings
Withdrawn status Lost status Damaged status Not for loan Home library Current library Date acquired Cost, normal purchase price Total Checkouts Full call number Barcode Date last seen Copy number Uniform Resource Identifier Cost, replacement price Price effective from Koha item type
        D.B.Act.Division D.B.Act.Division 21/08/2008 250.00   320 / SHA EN-68525 15/09/2008 1 857 250.00 15/09/2008 English Books

© Delhi Public Library
Hit Counter
free hit counter